[Event "CFriend AQ-2004-0-00002 email"]
[Site "Chessfriend.com"]
[Date "2004.01.17"]
[Round "?"]
[White "Congiundi, Samuel"]
[Black "Buteica, Alexandru Cosmin"]
[Result "0-1"]
[WhiteElo "1247"]
[BlackElo "1700"]
[PlyCount "26"]
[EventDate "2004.??.??"]
[EventType "tourn (corr)"]
[EventRounds "14"]
[SourceTitle "Corr 2008"]
[Source "ChessBase"]
[SourceDate "2008.06.24"]
[SourceVersion "1"]
[SourceVersionDate "2008.06.24"]
[SourceQuality "1"]

1. d4 Nf6 2. c4 e5 3. e3 exd4 4. exd4 Bb4+ 5. Bd2 Bxd2+ 6. Nxd2 0-0 7. d5 Re8+ 8. Be2 d6 9. Ngf3 Qe7 10. Nd4 c5 11. dxc6 Nxc6 12. N2f3 Bg4 13. Ng1 Nxd4 0-1

[Event "CFriend AQ-2004-0-00002 email"]
[Site "Chessfriend.com"]
[Date "2004.01.17"]
[Round "?"]
[White "Congiundi, Samuel"]
[Black "Tebelmann, Lars"]
[Result "0-1"]
[WhiteElo "1281"]
[BlackElo "1671"]
[PlyCount "36"]
[EventDate "2004.??.??"]
[EventType "tourn (corr)"]
[EventRounds "14"]
[SourceTitle "Corr 2008"]
[Source "ChessBase"]
[SourceDate "2008.06.24"]
[SourceVersion "1"]
[SourceVersionDate "2008.06.24"]
[SourceQuality "1"]

1. d4 d5 2. Nf3 Nc6 3. e3 Bg4 4. c4 e5 5. dxe5 dxc4 6. Qxd8+ Rxd8 7. Nbd2 Nb4 8. Kd1 b5 9. Be2 Nc6 10. Ke1 Bb4 11. Kf1 Nge7 12. h3 Bf5 13. a4 a6 14. e4 Bg6 15. h4 Bh5 16. e6 fxe6 17. Ng5 Bxe2+ 18. Kxe2 Nd4+ 0-1